Français à Arsenal - Statistiques

Statistiques générales
  • Ce quiz a été pris 1 204 fois
  • Le résultat moyen est 11 sur 29
Statistiques - réponses
Années Poste Joueur % Correct
1999-2007/2012 Attaquant Thierry Henry
98%
1996-2005 Milieu Patrick Vieira
80%
2012-2018 Attaquant Olivier Giroud
75%
2017-... Attaquant Alexandre Lacazette
74%
2000-2006 Attaquant Robert Pirès
68%
2010-2019 Défenseur Laurent Koscielny
66%
2007-2014 Défenseur Bakary Sagna
52%
2008-2011 Milieu Samir Nasri
52%
1997-2000 Milieu Emmanuel Petit
51%
2018-... Milieu Mattéo Guendouzi
48%
1997-1999 Attaquant Nicolas Anelka
48%
2003-2011 Défenseur Gaël Clichy
44%
2006-2010 Défenseur William Gallas
43%
2004-2008/2013-2016 Milieu Mathieu Flamini
41%
2006-2015 Milieu Abou Diaby
40%
2000-2004 Attaquant Sylvain Wiltord
39%
2014-2018 Défenseur Mathieu Debuchy
36%
2008-2018 Milieu Francis Coquelin
34%
2007 Milieu Lassana Diarra
20%
2010-2013 Défenseur Sébastien Squillaci
19%
2001-2007 Attaquant Jérémie Aliadière
18%
2008-2010 Défenseur Mikaël Silvestre
14%
2002-2006 Défenseur Pascal Cygan
14%
2013-2017 Attaquant Yaya Sanogo
14%
1996-1999 Milieu Rémi Garde
13%
1997-2002 Milieu Gilles Grimandi
12%
2015-2018 Milieu Jeff Reine-Adélaïde
9%
1998-2003 Milieu David Grondin
3%
2009-2011 Attaquant Gilles Sunu
3%
Aucun quiz correspondant
Distribution des résultats
% des personnes avec chaque résultat
Percentile par nombre de réponses
Votre historique - résultats
Vous n’avez pas pris ce quiz